[Event "Rutas de Cuenca op 6th"]
[Site "Cuenca"]
[Date "2019.07.21"]
[Round "6"]
[White "Asenjo Gracia, Samuel"]
[Black "Gomez Olmeda, Mario"]
[Result "0-1"]
[WhiteElo "1361"]
[BlackElo "1697"]
[PlyCount "68"]
[EventDate "2019.07.19"]
[EventType "swiss"]
[EventRounds "7"]
[EventCountry "ESP"]
[SourceTitle "CBM 195 Extra"]
[Source "ChessBase"]
[SourceDate "2020.05.31"]
[SourceVersion "1"]
[SourceVersionDate "2020.05.31"]
[SourceQuality "1"]

1. e4 e5 2. Nf3 Nc6 3. Nc3 g6 4. Bb5 Nge7 5. 0-0 Bg7 6. d3 a6 7. Ba4 b5 8. Bb3 Na5 9. Bg5 Bb7 10. Re1 Nxb3 11. axb3 0-0 12. Nd5 f6 13. Nxe7+ Qxe7 14. Be3 d6 15. Qd2 f5 16. Bh6 fxe4 17. Bxg7 exf3 18. Bxf8 Rxf8 19. g3 Qe6 20. Qh6 Rf5 21. g4 Rh5 22. Qxh5 gxh5 23. Kh1 hxg4 24. Rg1 Kf8 25. b4 h5 26. c4 bxc4 27. dxc4 e4 28. c5 e3 29. c6 Bxc6 30. Rae1 e2 31. Rg3 Qe5 32. Rb1 Qd4 33. Kg1 Qd1+ 34. Rxd1 exd1Q# 0-1

[Event "Rutas de Cuenca op 6th"]
[Site "Cuenca"]
[Date "2019.07.19"]
[Round "2"]
[White "Asenjo Gracia, Samuel"]
[Black "Brizuela Rojas, Jose Rafael"]
[Result "0-1"]
[WhiteElo "1361"]
[BlackElo "1864"]
[PlyCount "60"]
[EventDate "2019.07.19"]
[EventType "swiss"]
[EventRounds "7"]
[EventCountry "ESP"]
[SourceTitle "CBM 195 Extra"]
[Source "ChessBase"]
[SourceDate "2020.05.31"]
[SourceVersion "1"]
[SourceVersionDate "2020.05.31"]
[SourceQuality "1"]

1. e4 Nf6 2. Nc3 d5 3. exd5 Nxd5 4. Bc4 e6 5. Nf3 Be7 6. 0-0 0-0 7. d4 a6 8. Re1 Nxc3 9. bxc3 b5 10. Bd3 Bb7 11. Be4 Bxe4 12. Rxe4 Nc6 13. Bf4 Qd5 14. Qd3 Bd6 15. Bxd6 cxd6 16. Re3 Ne7 17. Nd2 Rfc8 18. Ne4 Ng6 19. Rg3 f5 20. Nd2 Nf4 21. Qe3 e5 22. dxe5 dxe5 23. Kf1 Rd8 24. Nf3 Qc4+ 25. Ke1 Nd3+ 26. cxd3 Qxc3+ 27. Ke2 Qxa1 28. Qh6 e4 29. dxe4 Qd1+ 30. Ke3 Qc1+ 0-1